|
|
|
|
| LEADER |
01586nam a2200433Ia 4500 |
| 001 |
EBC438762 |
| 003 |
MiAaPQ |
| 005 |
20200520144314.0 |
| 006 |
m o d | |
| 007 |
cr cn||||||||| |
| 008 |
070821s2008 enka sbq 001 0 eng d |
| 010 |
|
|
|z 2007034126
|
| 020 |
|
|
|z 0754648702 (alk. paper)
|
| 020 |
|
|
|z 9780754648703 (alk. paper)
|
| 020 |
|
|
|z 9780754688105
|
| 035 |
|
|
|a (MiAaPQ)EBC438762
|
| 035 |
|
|
|a (Au-PeEL)EBL438762
|
| 035 |
|
|
|a (CaPaEBR)ebr10215608
|
| 035 |
|
|
|a (CaONFJC)MIL924706
|
| 035 |
|
|
|a (OCoLC)318539832
|
| 040 |
|
|
|a MiAaPQ
|c MiAaPQ
|d MiAaPQ
|
| 050 |
|
4 |
|a HD7287
|b .K5585 2008
|
| 082 |
0 |
4 |
|a 155.9/45
|2 22
|
| 100 |
1 |
|
|a King, Peter,
|d 1960-
|
| 245 |
1 |
0 |
|a In dwelling
|h [electronic resource] :
|b implacability, exclusion and acceptance /
|c Peter King.
|
| 260 |
|
|
|a Aldershot, England ;
|a Burlington, VT :
|b Ashgate,
|c c2008.
|
| 300 |
|
|
|a xx, 149 p. :
|b ill.
|
| 490 |
1 |
|
|a Design and the built environment
|
| 504 |
|
|
|a Includes bibliographical references (p. [141]-144) and index.
|
| 504 |
|
|
|a Includes filmography: p. [145].
|
| 533 |
|
|
|a Electronic reproduction. Ann Arbor, MI : ProQuest, 2015. Available via World Wide Web. Access may be limited to ProQuest affiliated libraries.
|
| 650 |
|
0 |
|a Housing
|x Psychological aspects.
|
| 650 |
|
0 |
|a Housing.
|
| 650 |
|
0 |
|a Social integration.
|
| 650 |
|
0 |
|a Social isolation.
|
| 655 |
|
4 |
|a Electronic books.
|
| 710 |
2 |
|
|a ProQuest (Firm)
|
| 830 |
|
0 |
|a Design and the built environment series.
|
| 856 |
4 |
0 |
|u https://ebookcentral.proquest.com/lib/matrademy/detail.action?docID=438762
|z Click to View
|